[Event "Yerretnom I (a new begin)"]
[Site "SchemingMind.com"]
[Date "2008.08.25"]
[Round "-"]
[White "echecs"]
[Black "jtrochez1"]
[Result "1-0"]
[WhiteCountry "ENG"]
[BlackCountry "HON"]
[WhiteElo "1773"]
[WhiteRD "58"]
[BlackElo "1571"]
[BlackRD "54"]
[GameID "168181"]

1. e4 e5 2. Nf3 d6 3. Bc4 Bg4 4. Nc3 Nf6 5. h3 Bh5 6. d3 Nbd7 7. g4 Bg6 8. Nh4 Qe7 9. Bg5 a6 10. Nd5 Qd8
11. Nf5 Bxf5 12. gxf5 Be7 13. Nxe7 Qxe7 14. Qd2 h6 15. Bh4 O-O-O 16. Rg1 Qf8 17. O-O-O Kb8 18. Qb4 Nb6 19. Rgf1 d5 20. Qxf8 Rdxf8
21. Bxf6 gxf6 22. exd5 Nxc4 23. dxc4 Kc8 24. f4 Rhg8 25. Rf3 h5 26. fxe5 fxe5 27. f6 h4 28. Re1 Rg5 29. b3 b6 30. Re4 Kd7
31. Rxh4 Rg2 32. Re4 Kd6 33. h4 Rfg8 34. Rfe3 Rf2 35. Rxe5 Rxf6 36. h5 Rg2 37. Re2 Rxe2 38. Rxe2 Kd7 39. Rh2 Rh6 40. Kd2 a5
41. Ke3 Kd6 42. Kf4 f6 43. c3 c6 44. dxc6 Kxc6 45. a4 Kd6 46. Rd2+ Kc6 47. Rd5 Kc7 48. b4 axb4 49. cxb4 Kb7 50. a5 bxa5
51. Rxa5 Rh7 52. Rc5 Kb6 53. Kg4 Rg7+ 54. Kf4 Rh7 55. Rf5 Rh6 56. Ke4 Kc6 57. b5+ Kb6 58. Kd5 Kc7 59. Kc5 Kb7 60. Kd6 Rh7
61. Ke6 Rh6 62. Kf7 Kc7 63. Kg7
1-0

[Event "Yerretnom I (a new begin)"]
[Site "SchemingMind.com"]
[Date "2008.08.23"]
[Round "-"]
[White "pederao"]
[Black "jtrochez1"]
[Result "1-0"]
[WhiteCountry "USA"]
[BlackCountry "HON"]
[WhiteElo "1913"]
[WhiteRD "95"]
[BlackElo "1538"]
[BlackRD "61"]
[GameID "168182"]

1. e4 e5 2. f4 d6 3. Nf3 Bg4 4. Bc4 Nf6 5. Nc3 a6 6. fxe5 dxe5 7. Bxf7+ Kxf7 8. Nxe5+ Kg8 9. Nxg4 c6 10. O-O Qd4+
11. Kh1 Nbd7 12. d3 Qb6 13. Nxf6+ Nxf6 14. e5 Nd5 15. Qf3 Qc7 16. Nxd5 Qd7 17. Nb6 Qe6 18. Nxa8 h6 19. Qxf8+ Kh7 20. Qf5+ Qxf5
21. Rxf5 Rxa8 22. Be3 b5 23. Raf1 Rg8 24. Rf8 Rxf8 25. Rxf8
1-0